00421nam a22001337a 450000500170000002000250001703700080004210000180005024500480006826000310011627000980014730000320024549000100027720111228111434.0 a9788128628870c40.00 bPUB aBlyton, Enid  aNoddy and the noisy drum /cby Enid Blyton aMumbai bEuro Books c2011 aDani Corporat e Park, First Floor, 158, Vidyanagari Marg, Kalina, SantacruzbMumbaie400098 aunpages bill.c20cm(pbk)  aNody